मीडिया शोध / (Record no. 111799)

MARC details
000 -LEADER
fixed length control field 00940nam a22002537a 4500
005 - DATE AND TIME OF LATEST TRANSACTION
control field 20170124102929.0
010 ## - LIBRARY OF CONGRESS CONTROL NUMBER
LC control number B-133989
020 ## - INTERNATIONAL STANDARD BOOK NUMBER
Terms of availability 150.00
International Standard Book Number 8187818794
035 ## - SYSTEM CONTROL NUMBER
System control number B-133989
037 ## - SOURCE OF ACQUISITION
Source of stock number/acquisition Cen Lib/Ret
040 ## - CATALOGING SOURCE
Original cataloging agency DPL
Language of cataloging HN
082 ## - DEWEY DECIMAL CLASSIFICATION NUMBER
Classification number 070.1
Item number गोठीऋ
100 ## - MAIN ENTRY--PERSONAL NAME
Personal name गोठी, ऋतु
9 (RLIN) 44555
245 ## - TITLE STATEMENT
Title मीडिया शोध /
Statement of responsibility, etc ऋतु गोठी
246 ## - VARYING FORM OF TITLE
Title proper/short title Media shodh /
Remainder of title by Ritu Gothi
260 ## - PUBLICATION, DISTRIBUTION, ETC. (IMPRINT)
Name of publisher, distributor, etc लक्ष्य पब्लिकेशन्स
Place of publication, distribution, etc नई दिल्ली
Date of publication, distribution, etc 2004
270 ## - ADDRESS
Address 4264/3, अंसारी रोड, दरियागंज
City नई दिल्ली
Postal code 110002
300 ## - PHYSICAL DESCRIPTION
Extent 130पृ.
Dimensions 20सेमी (सजिल्द)
650 ## - SUBJECT ADDED ENTRY--TOPICAL TERM
Topical term or geographic name as entry element सामाजिक शोध
9 (RLIN) 42948
650 ## - SUBJECT ADDED ENTRY--TOPICAL TERM
Topical term or geographic name as entry element शोध
9 (RLIN) 44556
650 ## - SUBJECT ADDED ENTRY--TOPICAL TERM
Topical term or geographic name as entry element Social Research
9 (RLIN) 44557
650 ## - SUBJECT ADDED ENTRY--TOPICAL TERM
Topical term or geographic name as entry element Research
9 (RLIN) 44558
942 ## - ADDED ENTRY ELEMENTS (KOHA)
Source of classification or shelving scheme Dewey Decimal Classification
Koha item type Hindi Books
Classification part 070.1
Call number suffix गोठीऋ
Holdings
Withdrawn status Lost status Damaged status Not for loan Home library Current library Date acquired Source of acquisition Cost, normal purchase price Total Checkouts Total Renewals Full call number Barcode Date last seen Date checked out Copy number Cost, replacement price Price effective from Koha item type
        Central Library Central Library 05/08/2015 Cen Lib/Ret 150.00 9 6 070.1 गोठीऋ B-133989 22/04/2022 24/03/2022 1 150.00 05/08/2015 Hindi Books

© Delhi Public Library
Hit Counter
free hit counter